000 00657nam 22002053 4500
001 198741
090 _a198741
100 _a20251031d u||y0pory50 ba
101 _apor
200 _aAninhas e o Chapéu Mágico
_fInger Sandberg e Lasse Sandberg
210 _aLisboa
_cPlátano Editora
_d1976
215 _a[32] p. : il.
_cEncadernado
_d16 x 13 cm
225 _aChapéu Mágico
_v3
606 _98480
_aLiteratura infantil Sueca
675 _a821.113.6-93/SAN/ANI
_vPT
_zpor
700 _914658
_aSandberg
_bInger
_f1930-2023
701 _914659
_aSandberg
_bLasse
_f1924-2008
801 _aPT
_bBMMN
_gRPC
830 _cCarlos Pinto
_d31-10-2025
_fCarlos Pinto
990 _cLIVROS